| 000 | 01190cab a2200265 4500 | ||
|---|---|---|---|
| 001 | ABS67636 | ||
| 008 | 040401n2004 000 0 eng u | ||
| 035 | _a(Sirsi) u125705 | ||
| 245 | _aAreas of contention and co-operation | ||
| 260 | _c2004 | ||
| 490 |
_aEstates Gazette _v(0411) 13 March 2004, 134-135(2) |
||
| 520 | _aSecond part of a summary of presentations by Wragge and Co at a landlord and tenant update seminar. One of the cases summarised "Blockbuster Entertainment Ltd v Barnsdale Properties Ltd" (ChD, 11 November 2003) highlighted the cost to a landlord in delaying consent. The key changes to the Landlord and Tenant Act 1954 are explained. The new stamp duty land tax rules and charges are outlined. A full set of notes is available from [email protected]. | ||
| 590 | _aABS | ||
| 650 | _aBLOCKBUSTER ENTERTAINMENT LTD V BARNSDALE PROPERTIES LTD | ||
| 650 | _aALIENATION | ||
| 650 | _aLEASE RENEWALS | ||
| 650 | _aLANDLORD AND TENANT ACT 1954 | ||
| 650 | _aCONSENT | ||
| 650 | _aSTAMP DUTY LAND TAX | ||
| 650 | _aFINANCE ACT 2003 | ||
| 650 | _aREFORMS | ||
| 650 | _aEXCLUSION ORDERS | ||
| 690 | _aLANDLORD AND TENANT-BUSINESS TENANCIES | ||
| 942 | _n0 | ||
| 999 |
_c74338 _d74338 |
||